000 00574nam a2200181Ia 4500
003 GCL
008 140319s9999 xx 000 0 ara d
040 _aGCL /
_cGCL
082 0 4 _a813.03
_bف م
100 1 _aفيصل خرتش
245 1 0 _aموجز تاريخ الباشا الصغير: رواية /
_cفيصل خرتش
260 _a[S.N] :
_bرياض الريس للكتب والنشر ،
_c1991
300 _a199 ص
490 _aالسلسلة البوليسية
_v0
650 0 4 _aالادب العربى
650 0 4 _aالقصص العربية
942 _2ddc
_cBK
999 _c54773
_d54773